Open Data Biblioteca Nacional de Portugal


República Portuguesa: Ministério da Cultura
Biblioteca Nacional de Portugal

Catálogo da BNP: acesso por Identificadores Unívocos
Registos Bibliográficos associados ao registo de autoridade

Etiqueta de registo: 00254nam 2200025 450
001 2286699
003 http://id.bnportugal.gov.pt/bib/catbnp/2286699
010 ## $a978-989-8973-75-7
021 ## $aPT$b554196/25
100 ## $a20260522d2025 m y0pory01030103ba
101 0# $apor
102 ## $aPT
105 ## $aa z 000yb
106 ## $ar
200 1# $aIsto não é uma biografia$eFernando Lemos 1926-2019$e uma história e um catálogo$fTania Martuscelli$gtransc. das entrevistas Beatriz M. da Silva Prado
205 ## $a1ª ed
210 #9 $aSilveira$cBBookbuilders,$d2025
215 ## $a439, [1] p.$cil.$d24 cm
225 2# $aMemórias
675 ## $a929Lemos, Fernando$vBN$zpor$31402659
675 ## $a821.134.3-1Lemos, Fernando.09$vBN$zpor$32001297
675 ## $a74/77Lemos, Fernando$vBN$zpor$32001296
700 #1 $aMartuscelli,$bTania A.,$f1976-$31036477
702 #1 $aPrado,$bBeatriz M. da Silva$4070$31999036
801 #0 $aPT$bBN$gRPC
856 41 $uhttp://rnod.bnportugal.gov.pt/ImagesBN/winlibimg.aspx?skey=&doc=2286699&img=223656&save=true
966 ## $lBN$mFGMON$sH.G. 89276 V.$x1
966 ## $lBN$mFGMON$sH.G. 89276 V.-D$x1
971 ## $cisantos$d20260522
973 ## $cigoulao$d20260622

OpendataBNP@bnportugal.pt | Mais informação sobre acesso aos dados BNP